[Event "Stay Safe Play From Home 259"]
[Site "Emanuel Lasker Arena"]
[Date "2020.06.28"]
[Round "6"]
[White "Jhhonnyy"]
[Black "Broken sword"]
[Result "0-1"]
[WhiteElo "2389"]
[BlackElo "2466"]
[Annotator "TA"]
[PlyCount "200"]
[EventDate "2020.06.28"]
[EventType "swiss (blitz)"]

{[%evp 9,200,38,87,19,73,65,70,72,194,183,178,135,175,182,181,-79,99,90,72,95,124,112,199,58,113,45,62,0,149,101,81,54,149,125,156,136,135,101,122,0,0,0,0,0,8,0,3,14,30,0,206,189,248,248,306,293,304,288,364,327,325,313,301,0,179,150,145,130,147,0,0,0,0,0,0,0,0,0,0,0,0,0,0,0,0,-8,0,0,0,0,0,0,0,0,0,0,0,-8,-8,-8,-8,-17,-8,-17,-17,-17,-17,-17,-17,-17,-8,-8,-8,-8,-8,-8,-8,-8,0,0,0,-8,0,0,0,-8,-8,-8,-8,-8,-8,-29979,0,-29978,-8,-8,0,-29979,-29978,-29980,-29979,-29979,-29980,-29980,-29981,-29981,-29982,-29983,-29984,-29984,-29985,-29985,-29983,-29983,-29984,-29984,-29985,-29985,-29986,-29986,-29987,-29987,-29988,-29988,-29989,-29989,-29990,-29990,-29991,-29991,-29991,-29992,-29991,-29991,-29991,-29991,-29991,-29992,-29992,-29992,-29992,-29992,-29992,-29992,-29991,-29991,-29992,-29992,-29992,-29992,-29992,-29992,-29992]} 1. d4 d5 2. c4 c6 3. Nf3 Nf6 4. Nbd2 Bg4 5. Ne5 Bf5 6. e3 {D11: Slav Defence: 3 Nf3 sidelines and 3...Nf6 4 e3 Bg4.} (6. cxd5 $16 cxd5 7. Qb3) 6... e6 (6... Nbd7 $11) 7. g4 $1 $16 {[%cal Rg4f5]} Bg6 $1 8. h4 {Black must now prevent h5.White is slightly better.} h6 (8... dxc4 $16 9. Ndxc4 Nbd7) 9. Nxg6 $18 fxg6 10. Qc2 {[#]} Qe7 $146 ({Predecessor:} 10... Kd7 11. Qxg6 Qe8 12. Qxe8+ Nxe8 13. Bd3 Bb4 14. Ke2 Na6 15. Nf3 Bd6 16. Bd2 Nb4 17. Bxb4 Bxb4 18. Ne5+ Kc8 19. c5 Ba5 20. Ng6 {1-0 (20) Szabo,B (2392)-Leclercq,O (1569) Lille 2016}) 11. Qxg6+ Qf7 12. Qc2 $2 (12. Bd3 $18) 12... Nbd7 $2 (12... Nxg4 $17 13. Nb1 Bb4+ 14. Nc3 Nd7) 13. Bd3 O-O-O 14. Bg6 Qg8 15. Rg1 $36 {[%mdl 2048] White is on the roll.} Bd6 (15... Kb8 $16) 16. Nf3 ({White should try} 16. c5 $1 $18 {[%cal Rc5d6]} Bh2 17. Rg2) 16... Kb8 (16... Qf8 $14) 17. Bd2 (17. c5 $16 Bc7 18. b4) 17... Qf8 $14 18. O-O-O ({White should play} 18. Ba5 $14) 18... Bb4 (18... Nxg4 $11 19. Rxg4 Qxf3 {[%mdl 64] Double Attack}) 19. Bd3 Bxd2+ 20. Qxd2 Qd6 (20... Nxg4 $14 21. Rxg4 Qxf3) 21. g5 hxg5 22. Nxg5 {Nf7 is the strong threat.} Rdf8 23. f3 e5 24. Qc2 ({Better is} 24. Qh2 $16) 24... exd4 $11 25. exd4 dxc4 26. Bxc4 Rxh4 27. Kb1 Rc8 28. Ne6 Nd5 29. Nxg7 {aiming for Nf5.} N7b6 $2 (29... Ne3 $11 {and Black is okay.} 30. Nf5 Nxf5 31. Qxf5 Rxd4 32. Rxd4 Qxd4 {[%mdl 64] Double Attack}) 30. Nf5 $1 $18 {[%csl LRd6,LRh4][%mdl 64] Double Attack} Qf6 (30... Qc7 {might work better.}) 31. Nxh4 Qxh4 32. Bxd5 Nxd5 33. Qe4 Qf2 34. Qe5+ Ka8 35. Rgf1 Qg2 36. Rg1 $2 (36. f4 $18) 36... Qxf3 $2 (36... Qf2 $1 $11 {and Black has nothing to worry.}) 37. Qe1 a6 38. Rf1 Qe3 39. Qxe3 (39. Rf7 $16) 39... Nxe3 $11 40. Rde1 Nxf1 41. Rxf1 {[%mdl 4096] Endgame KR-KR} Rd8 42. Rd1 Rd5 43. Kc2 Ka7 44. Kc3 Kb6 45. b4 Rh5 46. Rd3 a5 47. a3 axb4+ 48. axb4 Rh1 49. Kc4 Rc1+ 50. Kb3 Rh1 51. d5 Rh4 52. d6 Rh8 53. d7 Rd8 54. Kc4 Kc7 55. Rf3 Rxd7 56. Rf6 Rd5 57. Rf3 Kb6 58. Kb3 Rb5 59. Kc3 c5 60. bxc5+ Rxc5+ 61. Kd4 Rc6 62. Rb3+ Kc7 63. Re3 Rd6+ 64. Kc5 Rd7 65. Kb5 Rd6 66. Rc3+ Rc6 67. Kb4 Rxc3 68. Kxc3 {KP-K} Kb6 69. Kb4 Kc6 {( -> ...Kb6)} (69... Ka6 $5 70. Ka4 $8 b6 $11) 70. Kb3 $4 {[%mdl 8192]} (70. Kc4 $11 Kd7 71. Kd5) 70... Kb6 $2 (70... Kb5 71. Kc3 Ka4 72. Kb2 Kb4 73. Ka2 Kc3 74. Ka1 Kb3 75. Kb1 b5 76. Ka1 b4 77. Kb1 Ka3 78. Kc2 b3+ 79. Kc1 Ka2 80. Kd2 b2 81. Ke3 b1=Q 82. Kf4 Kb3 83. Kg4 Kc4 84. Kg5 Kd4 85. Kf6 Qe4 86. Kf7 Ke5 87. Kg7 Ke6 88. Kh6 Kf6 89. Kh5 Qc4 90. Kh6 Qh4#) 71. Ka4 $4 {[%mdl 8192]} (71. Kb4 $11 Kc7 72. Kc5) 71... Ka6 $2 (71... Kc5 $1 {mates} 72. Kb3 Kb5 73. Ka2 Ka4 74. Kb2 Kb4 75. Ka2 Kc3 76. Kb1 b5 77. Kc1 b4 78. Kb1 Kb3 79. Kc1 Ka2 80. Kc2 b3+ 81. Kd2 b2 82. Ke3 b1=Q 83. Kf4 Qb5 84. Kf3 Qf5+ 85. Kg3 Kb3 86. Kg2 Kc3 87. Kh2 Qg6 88. Kh1 Kd3 89. Kh2 Ke3 90. Kh3 Kf3 91. Kh4 Qh6#) 72. Kb4 Kb6 (72... b6 {looks sharper.} 73. Ka4 b5+ 74. Kb3 Ka5 75. Kc2 Kb4) 73. Kb3 $2 {[%mdl 8192]} (73. Ka4 $11) 73... Kc5 {Black mates.} 74. Ka3 Kb5 75. Kb3 b6 76. Kc3 Ka4 $1 77. Kb2 Kb4 78. Kc2 Ka3 $1 79. Kb1 Kb3 80. Kc1 Ka2 81. Kc2 b5 $1 82. Kc3 Ka3 83. Kc2 b4 $1 84. Kb1 Kb3 85. Kc1 {[#]} Ka2 $1 86. Kc2 {[#]} b3+ $1 87. Kd3 b2 88. Kd4 b1=Q 89. Ke5 Qb2+ 90. Ke4 Qb3 91. Kf4 Qb4+ 92. Kf5 Ka3 93. Ke5 Ka4 94. Kf5 Qb5+ 95. Kf6 Ka5 96. Kg6 Qb6+ 97. Kg5 Ka6 98. Kg4 Kb7 99. Kf4 Qb5 100. Ke3 Qb4 {Quite a comeback for Black. Accuracy: White = 69%, Black = 73%.} 0-1

[Event "Stay Safe Play From Home 259"]
[Site "Emanuel Lasker Arena"]
[Date "2020.06.28"]
[Round "6"]
[White "Bardellosport"]
[Black "Trotsky"]
[Result "1-0"]
[WhiteElo "2051"]
[BlackElo "1591"]
[Annotator "TA"]
[PlyCount "67"]
[EventDate "2020.06.28"]
[EventType "swiss (blitz)"]

{[%evp 9,67,28,97,54,80,39,104,118,200,78,346,349,378,222,278,187,292,239,394,363,471,470,456,-210,520,507,537,541,714,681,843,814,1250,1154,1215,983,1428,1439,1421,1421,1478,1470,1625,1323,1895,1921,29979,29980,29976,7338,29992,29993,29993,29994,29994,29995,29995,29994,29994,29995]} 1. d4 d5 2. Nf3 e6 3. g3 c5 4. Bg2 Nc6 5. O-O c4 (5... cxd4 $11 {keeps the balance.} 6. Nxd4 Nf6) 6. c3 {D02: 1 d4 d5 2 Nf3 sidelines, including 2...Nf6 3 g3 and 2...Nf6 3 Bf4.} Bd6 {[#]} 7. Nbd2 $146 ({Predecessor:} 7. e4 Qc7 8. Re1 dxe4 9. Nfd2 b5 10. a4 Rb8 11. axb5 Rxb5 12. Nxc4 f5 13. Nxd6+ Qxd6 {1-0 (30) Thorfinnsson,B (2232)-Ingvason,J Reykjavik 2000}) 7... Qc7 (7... Nge7 $14) 8. e4 $16 {White is better.} Bd7 (8... Qd8 $16 {was called for.} 9. b3 cxb3) 9. e5 (9. Re1 $18 {and White stays clearly on top.}) 9... Nxe5 $2 {[%mdl 8192]} (9... Be7 $16) 10. dxe5 $18 Bxe5 11. Qe2 (11. Nxe5 $142 Qxe5 12. Re1) 11... Bd6 12. Nd4 {Strongly threatening Bxd5.} O-O-O (12... Ne7 $142 13. f4 O-O) 13. f4 f6 $2 (13... Kb8 14. N2f3 Ne7) 14. Nxe6 Bxe6 15. Qxe6+ {[%mdl 64] [#] Double Attack} Kb8 16. Qxd5 $4 {[%mdl 8192]} (16. Bxd5 $18 {and life is good for White.} Nh6 17. Bf3) 16... h5 $4 {[%mdl 8192]} (16... Bc5+ $19 {avoids the disaster.} 17. Kh1 Rxd5 18. Bxd5 Ne7) 17. Qxc4 Bc5+ 18. Kh1 Qb6 19. b4 Be3 20. Ne4 {Hoping for Bxe3.} Bf2 21. Nxf2 Nh6 22. Qe2 Ng4 23. Nxg4 hxg4 24. Be3 Qc7 25. Qf2 b6 {[#]} 26. c4 $1 f5 (26... Qxc4 27. Bxb6) 27. c5 g5 28. fxg5 Qh7 29. Bf4+ Rd6 30. Bxd6+ {White mates.} Kc8 31. Qxf5+ Kd8 32. Qxh7 Rxh7 33. Rf8+ Kd7 34. Raf1 {Accuracy: White = 20%, Black =  3%.} 1-0

[Event "Stay Safe Play From Home 259"]
[Site "Emanuel Lasker Arena"]
[Date "2020.06.28"]
[Round "6"]
[White "Klasman"]
[Black "Mamba2001de"]
[Result "0-1"]
[WhiteElo "1247"]
[BlackElo "1478"]
[Annotator "NA"]
[PlyCount "52"]
[EventDate "2020.06.28"]
[EventType "swiss (blitz)"]

1. f4 {[%emt 0:00:01]} e6 {[%emt 0:00:01]} 2. e4 {[%emt 0:00:01]} d5 {[%emt 0:00:01]} 3. e5 {[%emt 0:00:01]} c5 {[%emt 0:00:01]} 4. Nf3 {[%emt 0:00:01]} Nc6 {[%emt 0:00:01]} 5. c3 {[%emt 0:00:02]} Qb6 {[%emt 0:00:01]} 6. d4 {[%emt 0:00:02]} cxd4 {[%emt 0:00:02]} 7. cxd4 {[%emt 0:00:01]} Nge7 {[%emt 0:00:01]} 8. Nc3 {[%emt 0:00:01]} Nf5 {[%emt 0:00:03]} 9. Bb5 {[%emt 0:00:06]} Bd7 {[%emt 0:00:02]} 10. Bxc6 {[%emt 0:00:02]} Bxc6 {[%emt 0:00:01]} 11. Qb3 {[%emt 0:00:03]} Qxb3 {[%emt 0:00:02]} 12. axb3 {[%emt 0:00:01]} a6 {[%emt 0:00:01]} 13. g4 {[%emt 0:00:01]} Ne7 {[%emt 0:00:02]} 14. Kf2 {[%emt 0:00:04]} Ng6 {[%emt 0:00:01]} 15. Kg3 {[%emt 0:00:02]} Bb4 {[%emt 0:00:02]} 16. h4 {[%emt 0:00:02]} Nf8 {[%emt 0:00:02]} 17. Be3 {[%emt 0:00:03]} Rc8 {[%emt 0:00:02]} 18. g5 {[%emt 0:00:02]} h6 {[%emt 0:00:02]} 19. gxh6 {[%emt 0:00:06]} Rxh6 {[%emt 0:00:02]} 20. h5 {[%emt 0:00:03]} g6 {[%emt 0:00:02]} 21. f5 {[%emt 0:00:03]} exf5 {[%emt 0:00:02]} 22. Bxh6 {[%emt 0:00:02]} Ne6 {[%emt 0:00:02]} 23. hxg6 {[%emt 0:00:03]} fxg6 {[%emt 0:00:01]} 24. Bd2 {[%emt 0:00:03]} Be7 {[%emt 0:00:03]} 25. Rh8+ {[%emt 0:00:01]} Kd7 {[%emt 0:00:02]} 26. Rxc8 {[%emt 0:00:01]} Kxc8 {[%emt 0:00:01] Time (Lag: Av=0.34s, max=0.4s)} 0-1

[Event "Stay Safe Play From Home 259"]
[Site "Emanuel Lasker Arena"]
[Date "2020.06.28"]
[Round "7"]
[White "Mepe_Nika"]
[Black "Jhhonnyy"]
[Result "0-1"]
[WhiteElo "2388"]
[BlackElo "2376"]
[Annotator "TA"]
[PlyCount "154"]
[EventDate "2020.06.28"]
[EventType "swiss (blitz)"]

{[%evp 9,154,11,36,5,33,25,68,31,80,68,60,67,59,27,26,35,52,20,40,35,32,17,51,16,114,45,191,25,29,14,18,16,22,0,15,0,0,0,0,9,12,7,14,-10,0,-138,-51,-41,-49,-73,-40,-124,-116,-121,-111,-155,-172,-515,-116,-385,-38,-96,-104,-103,-104,-121,-15,-14,0,-13,6694,-172,1252,0,0,-15,140,144,203,200,260,193,180,191,239,233,266,266,266,259,268,256,636,-12,-8,-8,0,-119,-119,-121,-112,-119,-85,-109,-85,-112,-97,-119,-119,-127,-72,-72,-65,-65,-36,-36,-36,-65,-50,-65,-8,-68,-8,-8,-8,-29989,-8,-29989,-29989,-29991,-29989,-29989,-29990,-29990,-29991,-29993,-29991,-29991,0,-29993,-29994,-29994,-29995,-29996,-29997,-29997,-5421]} 1. d4 Nf6 2. Bf4 d6 3. e3 g6 4. Nf3 Nh5 5. Bg5 c5 6. c3 {A48: 1 d4 Nf6 2 Nf3 g6: Torre, London and Colle Systems.} cxd4 (6... h6 $5 {[%cal Rh6g5]} 7. Bh4 g5 $14) 7. cxd4 {[#]} Nc6 $146 ({Predecessor:} 7... h6 8. Bh4 g5 9. Bg3 Bg7 10. Bd3 Qb6 11. Qc2 Nc6 12. a3 Nxg3 13. hxg3 Bd7 {1-0 (44) Vager,B (2248)-Montell Zabay,A (2121) Dresden 2005}) 8. Nc3 {White is slightly better.} Bg4 9. Be2 h6 10. Bh4 $1 g5 11. Bg3 Nxg3 12. hxg3 Bg7 13. Nd2 (13. d5 {is interesting.} Na5 14. Nd4 Bd7 15. b3 Rc8 16. Rc1) 13... Bxe2 14. Qxe2 Rc8 15. O-O a6 16. Rac1 b5 (16... d5 $11) 17. a3 (17. a4 $16) 17... Qb6 (17... O-O $14) 18. Nf3 $2 (18. Qf3 $18) 18... O-O $11 19. Qd3 e6 20. Rfd1 Ne7 21. e4 Ng6 22. Qe3 Rc4 23. b3 Rc7 24. Ne2 Rfc8 25. Rxc7 Rxc7 26. Rc1 Rc6 27. d5 (27. Rc3 $11) 27... Rxc1+ (27... Qxe3 $17 28. fxe3 Rxc1+ 29. Nxc1 exd5 30. exd5 Ne7) 28. Qxc1 $15 exd5 29. exd5 Ne7 30. Qd2 ({Better is} 30. g4 $15) 30... Qc5 $17 31. Qa5 Qxd5 ({Of course not} 31... Nxd5 $6 32. Qxa6 Bb2 33. a4 $11) 32. Qd8+ {[%mdl 64] [#] Double Attack} Bf8 33. Ned4 $2 (33. Nfd4 {nothing else works.}) 33... Kg7 $2 (33... g4 $19 {and Black stays clearly on top.} 34. b4 gxf3 35. Nxf3 Qc4) 34. Qa5 $2 {[%mdl 8192]} (34. g4 $17) 34... Qb7 $2 (34... g4 $19 35. Qc3 gxf3 36. Nxb5+ Kg8) 35. Qc3 (35. Qd8 $15) 35... Kg8 36. Qe3 Bg7 37. g4 Ng6 (37... Qd7 $17 38. Nc2 Nd5) 38. Nf5 $11 Ne5 39. N3d4 Qd5 $2 {[%mdl 8192]} ({Wrong is} 39... Nxg4 $2 40. Qe8+ Kh7 41. Ne7 $18) (39... Qc7 $11) 40. Qh3 $4 {[%mdl 8192]} (40. Ne7+ $18 Kh7 41. Nxd5) 40... Qe6 $4 {[%mdl 8192]} (40... Qe4 $19 41. f3 Qd3) 41. Qe3 $2 (41. Nxe6 $18 fxe6 42. Nxd6) 41... Qf6 42. Qe4 Ng6 $2 (42... d5 $11 43. Qxd5 Nxg4) 43. Qa8+ $16 Kh7 (43... Bf8 $16 {is a better defense.}) 44. Qxa6 $18 Ne5 45. Qxd6 Nxg4 {Hoping for ...Qxd6.} 46. Qxf6 Nxf6 47. Nxb5 Nd5 48. Nxg7 Kxg7 {[%mdl 4096] Endgame KN-KN} 49. a4 Kf6 50. a5 Nb4 $2 (50... Ke6 51. a6 Nb6) 51. a6 $2 (51. Nc7 $18 {Strongly threatening a6.} Nc6 52. a6) 51... Nxa6 $11 52. Nd4 Nc5 53. Nf3 (53. b4 $11 {remains equal.} Nd7 54. Kf1) 53... Nxb3 $17 54. Ne1 Nc5 55. Kf1 Ne6 56. g3 Kg6 57. Ng2 f5 58. Ne3 f4 59. Nd5 fxg3 (59... h5 $142 60. Kg2 Kf5) 60. fxg3 Kf5 {aiming for ...Ke4.} 61. Kg2 g4 62. Ne7+ Kg5 63. Nc6 h5 64. Nb4 h4 (64... Nc5 $15) 65. Nd5 (65. gxh4+ $1 $11 Kxh4 66. Nd5) 65... hxg3 (65... h3+ $1 $15 66. Kg1 Kg6) 66. Kxg3 $11 Ng7 67. Nf4 $2 {[%mdl 8192] [#]} (67. Ne3 $11) 67... Nh5+ $2 (67... Nf5+ {mates} 68. Kf2 Kxf4 69. Ke2 g3 70. Kf1 Ne3+ 71. Kg1 Ke4 72. Kh1 Kf3 73. Kg1 g2 74. Kh2 Kf2 75. Kh3 g1=Q 76. Kh4 Qg4#) 68. Kg2 $2 {[%mdl 8192]} (68. Nxh5 $11 Kxh5 69. Kh2) 68... Nxf4+ 69. Kg3 Nh5+ 70. Kf2 Kf4 71. Kg2 g3 72. Kg1 Kg4 73. Kg2 Kf4 74. Kg1 $1 Kf3 {Black mates.} 75. Kf1 g2+ 76. Kg1 Nf4 77. Kh2 Ne2 {Accuracy: White = 48%, Black = 43%.} 0-1

[Event "Stay Safe Play From Home 259"]
[Site "Emanuel Lasker Arena"]
[Date "2020.06.28"]
[Round "7"]
[White "Bardellosport"]
[Black "Klasman"]
[Result "1-0"]
[WhiteElo "2053"]
[BlackElo "1240"]
[Annotator "TA"]
[PlyCount "53"]
[EventDate "2020.06.28"]
[EventType "swiss (blitz)"]

{[%evp 9,53,8,2,-19,11,17,52,2,-12,-6,0,0,26,-24,63,0,9,-49,300,161,302,298,421,423,416,409,419,414,1549,12398,6403,6411,5506,5506,2108,329,310,304,813,787,1097,1079,1071,1069,1466,1216]} 1. d4 f5 2. e3 Nf6 3. f4 e6 4. Nf3 d5 5. Bd3 c5 {[#]} 6. Ne5 $146 {A80: Dutch Defence: Unusual White second moves.} ({Predecessor:} 6. c3 Nc6 7. O-O Bd6 8. Nbd2 b6 9. Ne5 Bd7 10. a4 O-O 11. Ndf3 c4 12. Bc2 a6 13. Bd2 Qe7 14. Ng5 Bxe5 15. dxe5 {0-1 (42) Jauregui,A (1527)-Salas,J (1806) La Paz 2020}) 6... c4 7. Be2 Nc6 8. Bf3 {White is slightly better.} Nxe5 9. fxe5 Ne4 10. O-O Be7 11. c3 Bg5 ({Better is} 11... O-O $11) 12. Qe2 (12. Bxe4 $14 dxe4 13. Na3) 12... O-O $11 13. Nd2 (13. b3 $11) 13... f4 $2 {[%mdl 8192] This costs Black the game.} (13... Bd7 $15 {keeps the upper hand.}) 14. exf4 (14. Nxe4 $142 dxe4 15. Bxe4) 14... Bxf4 (14... Nxd2 $142 15. Bxd2 Be7) 15. Nxe4 $18 Bxc1 (15... dxe4 $142 16. Qxe4 (16. Bxe4 Bxh2+ 17. Kxh2 Rxf1 $18) 16... Bxc1) 16. Raxc1 dxe4 17. Bxe4 Rxf1+ 18. Rxf1 {Qh5 would kill now.} Qe7 (18... Qe8 $142 19. Qxc4 Bd7) 19. Qh5 {[%csl Ge4][%cal Rh5h7]} g6 {[#]} 20. Bxg6 $1 {[%mdl 512]} hxg6 21. Qxg6+ Qg7 22. Qh5 $2 (22. Qe8+ Kh7 23. Rf4) 22... Bd7 {[#]} 23. Rf3 $1 {[%cal Rf3g3] Rg3 is the strong threat.} Rf8 $2 (23... Be8 24. Qh3 Bg6 25. Qxe6+ Kh8 26. Qxc4 Rf8) 24. Rg3 {White is clearly winning.} Be8 25. Rxg7+ Kxg7 26. Qg5+ Kf7 27. h4 {Accuracy: White = 53%, Black = 21%.} 1-0

[Event "Stay Safe Play From Home 259"]
[Site "Emanuel Lasker Arena"]
[Date "2020.06.28"]
[Round "7"]
[White "Trotsky"]
[Black "Lazieri3"]
[Result "0-1"]
[WhiteElo "1588"]
[BlackElo "2093"]
[Annotator "TA"]
[PlyCount "80"]
[EventDate "2020.06.28"]
[EventType "swiss (blitz)"]

{[%evp 9,80,48,61,-8,-16,-49,-53,-39,-3,-53,0,-102,-37,-86,49,31,32,0,27,-15,-7,-243,-238,-250,-237,-255,-252,-272,-262,-264,-264,-275,-260,-306,491,484,496,485,495,458,508,531,510,341,342,358,336,247,240,-1148,-1143,-1662,-1148,-5227,-5215,-5143,-5127,-29981,-29982,-29981,-29982,-29982,-29983,-29983,-29984,-29984,-29983,-29985,-29986,-29989,-29990,-29991,-29988]} 1. d4 c6 2. e3 d5 3. c4 Nf6 4. Nc3 Bg4 5. f3 Bf5 6. c5 {D10: Slav Defence: 3 cxd5 (without early Nf3) and 3 Nc3.} ({Better is} 6. g4 $14 Bc8 7. g5) 6... e6 $11 7. Bd3 Bxd3 8. Qxd3 {[#] Black is slightly better.} Nbd7 $146 ({Predecessor:} 8... Qa5 9. Bd2 Na6 10. Nxd5 Qd8 11. Nb4 Nd5 12. Nxa6 bxa6 13. Qxa6 Qc7 14. Ne2 Be7 {1-0 (32) Fajardo Benitez,J-Hernandez Fleitas,A Costa Teguise 2014}) 9. Bd2 e5 (9... b6 $15) 10. O-O-O (10. b4 $11) 10... Qc7 (10... b6 $17 11. b4 Qc8) 11. Kb1 O-O-O (11... b6 $17 12. cxb6 axb6) 12. Qc2 g6 13. Rc1 Bg7 14. Qa4 Kb8 15. Nb5 $2 {[#]} (15. Nge2 $11 {and White stays safe.}) 15... cxb5 $19 16. Qxb5 a6 17. Qa4 {Now Ba5 and White clings on.} Qc6 18. Qa5 Rc8 19. Ne2 Rhe8 20. Rc2 exd4 21. Nxd4 Ne5 $4 {[%mdl 8192] [#]} (21... Qc7 $19 {and all is fine. aiming for ...Qxa5.} 22. Qxc7+ Rxc7) 22. Nxc6+ $18 Nxc6 23. Qa4 Re6 24. Rhc1 Rce8 25. b4 d4 26. b5 axb5 27. Qxb5 dxe3 28. Ba5 Nd5 29. Qb6 $4 {[%mdl 8192]} (29. Be1 $18) 29... Nxb6 $19 30. cxb6 e2 31. Rxc6 Rxc6 32. Rxc6 bxc6 33. b7 e1=Q+ {Black mates.} 34. Bxe1 Rxe1+ 35. Kc2 Kxb7 36. Kd3 Ra1 37. a4 Ra2 38. f4 Rxg2 39. Kc4 Rxh2 40. f5 Rh4+ {Accuracy: White = 25%, Black = 58%.} 0-1

[Event "Stay Safe Play From Home 259"]
[Site "Emanuel Lasker Arena"]
[Date "2020.06.28"]
[Round "7"]
[White "Mamba2001de"]
[Black "Broken sword"]
[Result "0-1"]
[WhiteElo "1485"]
[BlackElo "2479"]
[Annotator "NA"]
[PlyCount "82"]
[EventDate "2020.06.28"]
[EventType "swiss (blitz)"]

1. e4 {[%emt 0:00:02]} c5 {[%emt 0:00:01]} 2. Nf3 {[%emt 0:00:01]} e6 {[%emt 0:00:00]} 3. c3 {[%emt 0:00:01]} a6 {[%emt 0:00:01]} 4. d4 {[%emt 0:00:01]} cxd4 {[%emt 0:00:00]} 5. cxd4 {[%emt 0:00:01]} d5 {[%emt 0:00:00]} 6. Nc3 {[%emt 0:00:01]} dxe4 {[%emt 0:00:01]} 7. Nxe4 {[%emt 0:00:01]} Nd7 {[%emt 0:00:00]} 8. Bd3 {[%emt 0:00:01]} Ngf6 {[%emt 0:00:00]} 9. Be3 {[%emt 0:00:01]} Be7 {[%emt 0:00:00]} 10. Nxf6+ {[%emt 0:00:02]} Nxf6 {[%emt 0:00:01]} 11. O-O {[%emt 0:00:01]} O-O {[%emt 0:00:00]} 12. Rc1 {[%emt 0:00:01]} b5 {[%emt 0:00:01]} 13. Bb1 {[%emt 0:00:01]} Bb7 {[%emt 0:00:01]} 14. Qc2 {[%emt 0:00:01]} Rc8 {[%emt 0:00:01]} 15. Qd3 {[%emt 0:00:01]} Qd5 {[%emt 0:00:01]} 16. Rxc8 {[%emt 0:00:04]} Rxc8 {[%emt 0:00:00]} 17. b4 {[%emt 0:00:03]} g6 {[%emt 0:00:01]} 18. Bc2 {[%emt 0:00:01]} Ng4 {[%emt 0:00:02]} 19. Bb3 {[%emt 0:00:02]} Qe4 {[%emt 0:00:02]} 20. Qxe4 {[%emt 0:00:01]} Bxe4 {[%emt 0:00:00]} 21. Ng5 {[%emt 0:00:02]} Bb7 {[%emt 0:00:03]} 22. Nf3 {[%emt 0:00:02]} Nxe3 {[%emt 0:00:01]} 23. fxe3 {[%emt 0:00:01]} Rc3 {[%emt 0:00:00]} 24. Ne5 {[%emt 0:00:03]} f6 {[%emt 0:00:06]} 25. Nd7 {[%emt 0:00:03]} Kg7 {[%emt 0:00:02]} 26. Nc5 {[%emt 0:00:01]} Bd5 {[%emt 0:00:01]} 27. Bxd5 {[%emt 0:00:01]} exd5 {[%emt 0:00:00]} 28. a4 {[%emt 0:00:02]} bxa4 {[%emt 0:00:01]} 29. Nxa4 {[%emt 0:00:01]} Rxe3 {[%emt 0:00:01]} 30. Nc5 {[%emt 0:00:02]} Re2 {[%emt 0:00:02]} 31. Ra1 {[%emt 0:00:02]} Rb2 {[%emt 0:00:02]} 32. Rxa6 {[%emt 0:00:01]} Rxb4 {[%emt 0:00:01]} 33. Ra7 {[%emt 0:00:01]} Kf7 {[%emt 0:00:00]} 34. Nd3 {[%emt 0:00:02]} Rxd4 {[%emt 0:00:01]} 35. Nc5 {[%emt 0:00:02]} Rc4 {[%emt 0:00:01]} 36. Nd3 {[%emt 0:00:01]} Ke6 {[%emt 0:00:02]} 37. Nf4+ {[%emt 0:00:01]} Rxf4 {[%emt 0:00:01]} 38. g3 {[%emt 0:00:01]} Bc5+ {[%emt 0:00:01]} 39. Kg2 {[%emt 0:00:01]} Rf2+ {[%emt 0:00:00]} 40. Kh3 {[%emt 0:00:00]} Bxa7 {[%emt 0:00:01]} 41. g4 {[%emt 0:00:02]} Rf3+ {[%emt 0:00:00] Zeit (Lag: Av=0.50s, max=1.3s)} 0-1